[Event "SVK-chT 2324"]
[Site "Slovakia"]
[Date "2024.01.21"]
[Round "6.4"]
[White "Terbe, Julianna"]
[Black "Mrva, Martin"]
[Result "1/2-1/2"]
[WhiteElo "2315"]
[BlackElo "2363"]
[PlyCount "118"]
[EventDate "2023.11.04"]
[EventType "team-tourn"]
[EventRounds "11"]
[EventCountry "SVK"]
[SourceTitle "CB04_2024"]
[SourceDate "2023.10.16"]
[SourceVersion "1"]
[SourceVersionDate "2023.10.16"]
[SourceQuality "1"]
[WhiteTeam "Komarno"]
[BlackTeam "Humenne Reinter"]
[WhiteTeamCountry "SVK"]
[BlackTeamCountry "SVK"]

1. d4 d6 2. e4 Nf6 3. Nc3 e5 4. Nf3 Nbd7 5. Bc4 Be7 6. 0-0 0-0 7. a4 h6 8. a5 a6 9. Re1 Re8 10. h3 Bf8 11. Be3 exd4 12. Bxd4 c5 13. Bxf6 Nxf6 14. e5 Nh7 15. exd6 Rxe1+ 16. Qxe1 Bxd6 17. Rd1 Qf8 18. Ne4 Bc7 19. Nh4 Qe8 20. Nxc5 Qxe1+ 21. Rxe1 Kf8 22. b4 Bd6 23. Nd3 Ng5 24. Bd5 Rb8 25. c4 Be7 26. Nf3 Nxf3+ 27. Bxf3 Bd7 28. Ne5 Be8 29. c5 Bf6 30. Nc4 Bc3 31. Rb1 Ke7 32. Rb3 Bf6 33. Re3+ Kf8 34. Nb6 Bg5 35. Rd3 Ke7 36. Bg4 Bc6 37. Nd5+ Kf8 38. f4 Bh4 39. Nb6 Be1 40. Rb3 Rd8 41. Bf3 Bxf3 42. gxf3 Rd4 43. b5 Bxa5 44. bxa6 bxa6 45. c6 Bxb6 46. Rxb6 Ke7 47. Rxa6 Rxf4 48. Kf2 Rc4 49. Kg3 h5 50. h4 g6 51. Ra7+ Ke6 52. c7 Rc5 53. Kf4 f6 54. Kg3 g5 55. hxg5 fxg5 56. Ra6+ Kf7 57. Ra5 h4+ 58. Kh3 Rc3 59. Rxg5 Rxf3+ 1/2-1/2

[Event "Wch Seniors 50 31st"]
[Site "Terassini"]
[Date "2023.11.02"]
[Round "8"]
[White "Mrva, Martin"]
[Black "Cummings, David H"]
[Result "1/2-1/2"]
[WhiteElo "2366"]
[BlackElo "2325"]
[PlyCount "86"]
[EventDate "2023.10.25"]
[EventType "swiss"]
[EventRounds "11"]
[EventCountry "ITA"]
[SourceTitle "Mega2024 Update 01"]
[Source "Chessbase"]
[SourceDate "2023.11.12"]
[SourceVersion "1"]
[SourceVersionDate "2023.11.12"]
[SourceQuality "1"]

1. e4 e5 2. Nf3 Nc6 3. Bc4 Nf6 4. d3 Bc5 5. 0-0 d6 6. c3 a6 7. a4 Ba7 8. Re1 0-0 9. h3 h6 10. Nbd2 Re8 11. Nf1 Be6 12. Bxe6 Rxe6 13. Ng3 d5 14. Qe2 Qd7 15. b4 Rd8 16. Qb2 Ne7 17. b5 dxe4 18. dxe4 axb5 19. axb5 Bc5 20. Be3 Bxe3 21. Rxe3 Ng6 22. c4 c6 23. Rb3 Qd6 24. Ra7 b6 25. Kh2 Qc5 26. Qa3 Qxc4 27. Ra4 Qc2 28. Rb2 Qd1 29. Ra8 Kh7 30. Rxd8 Qxd8 31. Rd2 Qf8 32. Qa7 cxb5 33. Qc7 Qe7 34. Qc8 Qc5 35. Qa6 b4 36. Qa2 b5 37. Rc2 Qb6 38. Qb3 Qa5 39. Ra2 Qc7 40. Qxb4 Rb6 41. Rd2 Qc4 42. Qxc4 bxc4 43. Rc2 Rc6 1/2-1/2

[Event "EU-chT Seniors 50"]
[Site "Swidnica"]
[Date "2023.07.20"]
[Round "9.4"]
[White "Hebden, Mark"]
[Black "Mrva, Martin"]
[Result "1-0"]
[WhiteElo "2436"]
[BlackElo "2356"]
[PlyCount "131"]
[EventDate "2023.07.12"]
[EventType "team-tourn"]
[EventRounds "9"]
[EventCountry "POL"]
[SourceTitle "CBM 215 Extra"]
[Source "ChessBase"]
[SourceDate "2023.09.30"]
[SourceVersion "1"]
[SourceVersionDate "2023.09.30"]
[SourceQuality "1"]
[WhiteTeam "England 50"]
[BlackTeam "Slovakia 50"]
[WhiteTeamCountry "ENG"]
[BlackTeamCountry "SVK"]

1. d4 d6 2. e4 Nf6 3. Nc3 e5 4. Nf3 Nbd7 5. Bc4 Be7 6. a4 0-0 7. 0-0 b6 8. Re1 a6 9. h3 h6 10. Be3 Bb7 11. d5 c6 12. dxc6 Bxc6 13. Qd3 Bb7 14. Rad1 Rc8 15. Nd2 Nb8 16. Nd5 Nxd5 17. Bxd5 Bxd5 18. Qxd5 Qc7 19. c3 Nd7 20. Qd3 Qb7 21. Nc4 Rc6 22. Na3 Rfc8 23. g3 Nf6 24. f3 R6c7 25. c4 Nd7 26. Rc1 Qc6 27. Qd1 Nf8 28. h4 Ne6 29. Nb1 Qd7 30. b3 Nd4 31. Kg2 d5 32. exd5 b5 33. axb5 axb5 34. Bxd4 exd4 35. Qxd4 Bb4 36. Re2 Re8 37. Rcc2 bxc4 38. bxc4 Qc8 39. d6 Rxe2+ 40. Rxe2 Rd7 41. Nc3 Bxc3 42. Qxc3 Rxd6 43. c5 Ra6 44. Qc4 Rf6 45. Re5 Qb8 46. Qe2 Qb1 47. Re8+ Kh7 48. Qe4+ Qxe4 49. Rxe4 Rc6 50. Re5 Kg6 51. f4 Ra6 52. Kf3 f6 53. Re3 f5 54. Rc3 Rc6 55. Ke3 Kf7 56. Kd4 Ke6 57. Rb3 Rc7 58. Rb6+ Ke7 59. h5 Kd8 60. c6 Kc8 61. Ra6 Kb8 62. Kc5 g6 63. Kb6 Rg7 64. hxg6 Rxg6 65. Ra3 Re6 66. Ra1 1-0

[Event "EU-ch Seniors 50 22nd"]
[Site "Acqui Terme"]
[Date "2023.06.01"]
[Round "7"]
[White "Mrva, Martin"]
[Black "Contin, Daniel"]
[Result "1/2-1/2"]
[WhiteElo "2353"]
[BlackElo "2231"]
[PlyCount "95"]
[EventDate "2023.05.26"]
[EventType "swiss"]
[EventRounds "9"]
[EventCountry "ITA"]
[SourceTitle "CBM 214 Extra"]
[Source "ChessBase"]
[SourceDate "2023.07.31"]
[SourceVersion "1"]
[SourceVersionDate "2023.07.31"]
[SourceQuality "1"]

1. e4 e6 2. d4 d5 3. e5 c5 4. c3 Bd7 5. Nf3 Qb6 6. Be2 Nc6 7. 0-0 Nh6 8. Bxh6 gxh6 9. Qd2 Bg7 10. Na3 cxd4 11. cxd4 0-0 12. Nc2 a5 13. a4 f6 14. exf6 Rxf6 15. Bb5 Raf8 16. Ra3 Be8 17. Rc3 Kh8 18. b3 Rg8 19. Bxc6 bxc6 20. Re1 Rg6 21. g3 h5 22. Ne5 Rf6 23. Qg5 Rgf8 24. f4 Qa7 25. Kg2 Bg6 26. Nxg6+ Rxg6 27. Qxh5 Bxd4 28. Nxd4 Qxd4 29. Qe5+ Qxe5 30. fxe5 Rb8 31. Rxc6 Rxb3 32. Rf1 Rb2+ 33. Kg1 Kg7 34. Rc7+ Kh6 35. Rff7 Re2 36. Rxh7+ Kg5 37. Ra7 Rxe5 38. Rxa5 Rf6 39. Raa7 Kg4 40. Raf7 Re1+ 41. Kg2 Re2+ 42. Kg1 Rxf7 43. Rxf7 e5 44. Rf2 Re1+ 45. Rf1 Re2 46. Rf2 Re1+ 47. Rf1 Re2 48. Rf2 1/2-1/2

[Event "EU-chT Seniors 50"]
[Site "Dresden"]
[Date "2022.11.04"]
[Round "9.2"]
[White "Mrva, Martin"]
[Black "Dettmann, Gerd"]
[Result "1-0"]
[WhiteElo "2379"]
[BlackElo "2110"]
[PlyCount "119"]
[EventDate "2022.10.27"]
[EventType "team-swiss"]
[EventRounds "9"]
[EventCountry "GER"]
[SourceTitle "EXT 2024"]
[Source "ChessBase"]
[SourceDate "2023.10.10"]
[SourceVersion "1"]
[SourceVersionDate "2023.10.10"]
[SourceQuality "1"]
[WhiteTeam "Slovakia 50"]
[BlackTeam "Graal Mueritz/Teterow 50"]
[WhiteTeamCountry "SVK"]
[BlackTeamCountry "GER"]

1. e4 c5 2. Nf3 d6 3. d4 cxd4 4. Nxd4 Nf6 5. Nc3 a6 6. Be3 e6 7. f3 Qc7 8. g4 Be7 9. Qd2 b5 10. 0-0-0 Bb7 11. g5 Nfd7 12. h4 Nc6 13. Kb1 Nde5 14. f4 Nc4 15. Bxc4 bxc4 16. h5 0-0-0 17. f5 Nxd4 18. Qxd4 Qc5 19. fxe6 Qxd4 20. Bxd4 fxe6 21. Bxg7 Rhg8 22. Bf6 Bxf6 23. gxf6 Rg5 24. Kc1 Kd7 25. Rh2 Ke8 26. Rd4 Kf7 27. Rxc4 Rd7 28. Na4 Kxf6 29. Nb6 Rdg7 30. Rf2+ Ke5 31. h6 Re7 32. Ra4 d5 33. exd5 exd5 34. c4 Rc7 35. Kd2 Rg4 36. Re2+ Re4 37. Ra5 Rxe2+ 38. Kxe2 Kd4 39. Nxd5 Rxc4 40. Ne3 Rc7 41. Nf5+ Ke4 42. Nd6+ Kf4 43. Nxb7 Rxb7 44. Rxa6 Rxb2+ 45. Kd3 Ke5 46. a4 Rb4 47. Ra5+ Kf4 48. Kc3 Re4 49. Ra6 Kg5 50. Kb3 Rf4 51. Rc6 Rf1 52. a5 Rb1+ 53. Kc4 Ra1 54. a6 Rc1+ 55. Kb5 Rb1+ 56. Kc5 Rc1+ 57. Kb6 Rb1+ 58. Kc7 Ra1 59. Kb7 Rb1+ 60. Rb6 1-0

[Event "EU-chT Seniors 50"]
[Site "Dresden"]
[Date "2022.11.01"]
[Round "6.2"]
[White "Thiede, Lars"]
[Black "Mrva, Martin"]
[Result "1-0"]
[WhiteElo "2399"]
[BlackElo "2379"]
[PlyCount "77"]
[EventDate "2022.10.27"]
[EventType "team-swiss"]
[EventRounds "9"]
[EventCountry "GER"]
[SourceTitle "EXT 2024"]
[Source "ChessBase"]
[SourceDate "2023.10.10"]
[SourceVersion "1"]
[SourceVersionDate "2023.10.10"]
[SourceQuality "1"]
[WhiteTeam "Berlin 50"]
[BlackTeam "Slovakia 50"]
[WhiteTeamCountry "GER"]
[BlackTeamCountry "SVK"]

1. Nf3 d5 2. g3 g6 3. Bg2 Bg7 4. 0-0 Nc6 5. c4 d4 6. d3 h5 7. Na3 Nh6 8. Nc2 Nf5 9. b4 h4 10. Bb2 hxg3 11. hxg3 Qd6 12. c5 Qf6 13. e4 e5 14. exf5 Qxf5 15. Re1 Be6 16. Bc1 Bf6 17. Re4 Qh5 18. Qe2 a6 19. Bd2 g5 20. Re1 0-0-0 21. a4 Rd5 22. Kf1 g4 23. Ng1 Bg7 24. b5 axb5 25. axb5 Ne7 26. Qd1 Ng6 27. Qa1 Rxc5 28. Nxd4 exd4 29. Rxe6 fxe6 30. Qa8+ Kd7 31. Qxb7 Ne7 32. b6 Rf8 33. Ne2 e5 34. bxc7 Rxc7 35. Qb5+ Kd8 36. Ba5 Qf5 37. Qb8+ Kd7 38. Qxc7+ Ke6 39. Nxd4+ 1-0

[Event "EU-chT Seniors 50"]
[Site "Dresden"]
[Date "2022.10.31"]
[Round "5.2"]
[White "Mrva, Martin"]
[Black "Arkell, Keith C"]
[Result "0-1"]
[WhiteElo "2379"]
[BlackElo "2413"]
[PlyCount "122"]
[EventDate "2022.10.27"]
[EventType "team-swiss"]
[EventRounds "9"]
[EventCountry "GER"]
[SourceTitle "EXT 2024"]
[Source "ChessBase"]
[SourceDate "2023.10.10"]
[SourceVersion "1"]
[SourceVersionDate "2023.10.10"]
[SourceQuality "1"]
[WhiteTeam "Slovakia 50"]
[BlackTeam "England 50"]
[WhiteTeamCountry "SVK"]
[BlackTeamCountry "ENG"]

1. e4 e6 2. d4 d5 3. Nd2 dxe4 4. Nxe4 Bd7 5. Nf3 Bc6 6. Bd3 Nd7 7. 0-0 Ngf6 8. Ng3 Be7 9. Qe2 Bxf3 10. Qxf3 c6 11. Re1 0-0 12. c3 Re8 13. Bc2 Qc7 14. Ne4 Nxe4 15. Rxe4 Nf6 16. Rh4 g6 17. Rh3 Qa5 18. Qf4 Nh5 19. Qe3 Bf8 20. g4 Nf6 21. Qf3 Bg7 22. g5 Nd7 23. b4 Qd8 24. Be3 Qe7 25. Rb1 Nb6 26. Qg4 Nc4 27. Qh4 h5 28. gxh6 Qxh4 29. Rxh4 Bf6 30. Rg4 Na3 31. Rc1 Nxc2 32. Rxc2 Be7 33. h4 Kh7 34. f3 f5 35. Rgg2 Bxh4 36. Bf4 a5 37. Rb2 axb4 38. Rxb4 b5 39. c4 Be7 40. Rb1 Bf6 41. cxb5 Bxd4+ 42. Kf1 cxb5 43. Rxb5 Re7 44. Bg5 Rf7 45. Rd2 e5 46. Ke2 f4 47. Kd3 Rd7 48. Ke2 Rf7 49. Rc2 Raa7 50. Kd3 Rf5 51. Bh4 e4+ 52. Kc4 Rxb5 53. Kxb5 exf3 54. a4 Kxh6 55. Rh2 Kg7 56. a5 Kf7 57. a6 Ke6 58. Bd8 f2 59. Rh1 Ra8 60. Bh4 Rh8 61. Bxf2 Rb8+ 0-1

[Event "SVK-ch"]
[Site "Kezmarok"]
[Date "2022.09.30"]
[Round "8"]
[White "Mrva, Martin"]
[Black "Turcan, Richard"]
[Result "1-0"]
[WhiteElo "2379"]
[BlackElo "2343"]
[PlyCount "105"]
[EventDate "2022.09.24"]
[EventType "tourn"]
[EventRounds "9"]
[EventCountry "SVK"]
[EventCategory "7"]
[SourceTitle "CBM 210 Extra"]
[Source "ChessBase"]
[SourceDate "2022.11.30"]
[SourceVersion "1"]
[SourceVersionDate "2022.11.30"]
[SourceQuality "1"]

1. e4 c5 2. Nf3 d6 3. d4 cxd4 4. Nxd4 Nf6 5. Nc3 g6 6. Be3 Bg7 7. f3 0-0 8. Qd2 Nc6 9. 0-0-0 d5 10. exd5 Nxd5 11. Nxc6 bxc6 12. Bd4 e5 13. Bc5 Re8 14. Ne4 Qc7 15. h4 f5 16. Nd6 Rd8 17. Nxc8 Raxc8 18. h5 Nb6 19. Bxb6 Rxd2 20. Bc4+ Kf8 21. Bxc7 Rxd1+ 22. Rxd1 Bh6+ 23. Kb1 Rxc7 24. hxg6 hxg6 25. Rd6 Kg7 26. Re6 Bf4 27. b4 Rd7 28. g4 fxg4 29. fxg4 Rd4 30. Rxc6 Bd2 31. g5 Bxg5 32. Kb2 e4 33. Kb3 Rd7 34. a4 Bf6 35. a5 g5 36. Re6 Re7 37. b5 e3 38. Rxe7+ Bxe7 39. Be2 Kf6 40. b6 a6 41. Kc3 Ke6 42. Kd4 Kd6 43. Kxe3 Kc6 44. c3 Bf6 45. Kd3 Kc5 46. Bf3 Bd8 47. Ke4 Kd6 48. Kd4 Bf6+ 49. Kc4 Be7 50. Bb7 g4 51. Bxa6 Kc6 52. Bc8 g3 53. Bh3 1-0

[Event "SVK-ch"]
[Site "Kezmarok"]
[Date "2022.09.26"]
[Round "4"]
[White "Pechac, Jergus"]
[Black "Mrva, Martin"]
[Result "1-0"]
[WhiteElo "2620"]
[BlackElo "2379"]
[PlyCount "121"]
[EventDate "2022.09.24"]
[EventType "tourn"]
[EventRounds "9"]
[EventCountry "SVK"]
[EventCategory "7"]
[SourceTitle "CBM 210 Extra"]
[Source "ChessBase"]
[SourceDate "2022.11.30"]
[SourceVersion "1"]
[SourceVersionDate "2022.11.30"]
[SourceQuality "1"]

1. d4 Nf6 2. c4 g6 3. Nc3 Bg7 4. e4 d6 5. Be2 0-0 6. Nf3 e5 7. d5 Na6 8. Be3 Nd7 9. g4 f5 10. gxf5 gxf5 11. Bg5 Nf6 12. Rg1 Kh8 13. Qd2 Rg8 14. exf5 Bxf5 15. 0-0-0 Qd7 16. Nh4 Nc5 17. Qe3 Raf8 18. b4 Nce4 19. Nxe4 Bxe4 20. Rg3 Qa4 21. Qb3 Qxb3 22. axb3 h6 23. Be3 Nd7 24. Rh3 Rf6 25. Bg4 Nf8 26. Rg1 Bh7 27. Bh5 c6 28. Kd2 cxd5 29. cxd5 Be4 30. Bf3 Bxf3 31. Nxf3 Nh7 32. Rhg3 Rf7 33. Rh3 Bf8 34. Rxg8+ Kxg8 35. Rg3+ Rg7 36. Rh3 Nf6 37. Bxh6 Rh7 38. Rg3+ Bg7 39. Rxg7+ Rxg7 40. Bxg7 Kxg7 41. Nh4 b5 42. Nf5+ Kg6 43. Nxd6 a6 44. Ke3 Nxd5+ 45. Ke4 Nxb4 46. Nb7 Kf6 47. h3 Nc6 48. Kd5 Nb4+ 49. Ke4 Nc6 50. h4 a5 51. Nc5 Kg6 52. Kd5 Nb4+ 53. Kxe5 a4 54. Nxa4 bxa4 55. bxa4 Kh5 56. f4 Kxh4 57. f5 Kg5 58. f6 Nd3+ 59. Ke6 Nf4+ 60. Kd6 Kxf6 61. a5 1-0

[Event "Tatry op"]
[Site "Tatranske Matliare"]
[Date "2022.05.30"]
[Round "4"]
[White "Mrva, Martin"]
[Black "Steiner, Bruno"]
[Result "1/2-1/2"]
[WhiteElo "2384"]
[BlackElo "2120"]
[PlyCount "108"]
[EventDate "2022.05.28"]
[EventType "swiss"]
[EventRounds "9"]
[EventCountry "SVK"]
[SourceTitle "EXT 2024"]
[Source "ChessBase"]
[SourceDate "2023.10.10"]
[SourceVersion "1"]
[SourceVersionDate "2023.10.10"]
[SourceQuality "1"]

1. d4 d5 2. Nf3 Nf6 3. g3 e6 4. Bg2 Be7 5. 0-0 0-0 6. c4 dxc4 7. Qc2 b5 8. a4 Bb7 9. axb5 a6 10. bxa6 Nxa6 11. Bd2 c5 12. Ba5 Qc8 13. Nbd2 h6 14. Rfc1 cxd4 15. Qxc4 Qxc4 16. Nxc4 d3 17. exd3 Nc5 18. Ra3 Bd5 19. Nfe5 Nb7 20. Raa1 Nxa5 21. Nxa5 Bxg2 22. Kxg2 Nd5 23. Nac6 Bf6 24. d4 Bxe5 25. dxe5 Rxa1 26. Rxa1 Rc8 27. Ra6 Rc7 28. b3 g5 29. Kf3 Kg7 30. Ke4 Rb7 31. Nd4 Rb4 32. Rc6 Rb7 33. f4 gxf4 34. gxf4 Ne7 35. Ra6 Rb4 36. Ra4 Rb7 37. Ra1 Rb4 38. Kd3 Kf8 39. Rf1 Ke8 40. Rd1 Kf8 41. Kc2 Nd5 42. Kb2 Nxf4 43. Ka3 Rb6 44. b4 Nd5 45. Rb1 f6 46. exf6 e5 47. Nf3 Ra6+ 48. Kb3 Nxb4 49. Nxe5 Nc6 50. Nd7+ Ke8 51. Rd1 Nb8 52. Nxb8 Rb6+ 53. Kc4 Rxb8 54. Rd6 Kf7 1/2-1/2

[Event "SVK-chT 2122"]
[Site "Slovakia"]
[Date "2022.03.13"]
[Round "6.3"]
[White "Mikrut, Dariusz"]
[Black "Mrva, Martin"]
[Result "0-1"]
[WhiteElo "2379"]
[BlackElo "2391"]
[PlyCount "116"]
[EventDate "2021.10.23"]
[EventType "team-tourn"]
[EventRounds "11"]
[EventCountry "SVK"]
[SourceTitle "EXT 2023"]
[Source "ChessBase"]
[SourceDate "2022.10.05"]
[SourceVersion "1"]
[SourceVersionDate "2022.10.05"]
[SourceQuality "1"]
[WhiteTeam "Prakovce"]
[BlackTeam "Humenne Reinter"]
[WhiteTeamCountry "SVK"]
[BlackTeamCountry "SVK"]

1. d4 Nf6 2. c4 e6 3. Nf3 Bb4+ 4. Bd2 Bxd2+ 5. Qxd2 0-0 6. Nc3 d6 7. g3 b6 8. Bg2 Bb7 9. d5 e5 10. 0-0 a5 11. Nh4 Bc8 12. e4 Na6 13. h3 Nc5 14. Rae1 g6 15. b3 Nh5 16. Kh2 Kg7 17. Ne2 Kh8 18. Qe3 Bd7 19. Nc3 Qf6 20. Bf3 Nf4 21. Bg4 Bxg4 22. hxg4 Qg5 23. f3 h5 24. Ng2 hxg4 25. Nxf4 exf4 26. Qxf4 Qh5+ 27. Kg1 Nd3 28. Qf6+ Kg8 29. Re2 Qe5 30. Qxe5 Nxe5 31. fxg4 Nxg4 32. Nb5 Rac8 33. Na7 Rce8 34. Nc6 Kg7 35. Rf4 Ne5 36. Nxe5 Rxe5 37. Kg2 Rfe8 38. Kf3 R8e7 39. Rh2 Re8 40. Rfh4 Kf6 41. Rf4+ Kg7 42. Rfh4 f5 43. exf5 Rxf5+ 44. Rf4 Rfe5 45. Rfh4 Re3+ 46. Kf2 Kf6 47. Rf4+ Kg5 48. Kg2 Re2+ 49. Rf2 a4 50. Rh7 a3 51. Rxc7 Rb2 52. Rc6 Rf8 53. Rc7 Re8 54. Rd7 Rf8 55. Rc7 Re8 56. Kf1 Rh8 57. Kg2 Rf8 58. Kg1 Rh8 0-1

[Event "SVK-chT 2122"]
[Site "Slovakia"]
[Date "2021.10.23"]
[Round "1.3"]
[White "Mrva, Martin"]
[Black "Pechac, Jergus"]
[Result "0-1"]
[WhiteElo "2391"]
[BlackElo "2544"]
[PlyCount "62"]
[EventDate "2021.10.23"]
[EventType "team-tourn"]
[EventRounds "11"]
[EventCountry "SVK"]
[SourceTitle "CBM 204 Extra"]
[Source "ChessBase"]
[SourceDate "2021.11.30"]
[SourceVersion "1"]
[SourceVersionDate "2021.11.30"]
[SourceQuality "1"]
[WhiteTeam "Humenne Reinter"]
[BlackTeam "Zilina Mladost"]
[WhiteTeamCountry "SVK"]
[BlackTeamCountry "SVK"]

1. e4 e5 2. Nf3 Nc6 3. Bb5 Nge7 4. Nc3 Ng6 5. d4 Nxd4 6. Nxd4 exd4 7. Qxd4 c6 8. Be2 Qb6 9. Qd3 Be7 10. Qg3 Bh4 11. Qe3 0-0 12. 0-0 Bf6 13. Qxb6 axb6 14. Be3 b5 15. f4 Re8 16. Bd3 d6 17. Nd1 Ne7 18. c3 Be6 19. a3 Bb3 20. Bd2 Nc8 21. Ne3 Nb6 22. Rae1 Na4 23. Ng4 Nxb2 24. Nxf6+ gxf6 25. Rf3 Rxa3 26. Rg3+ Kf8 27. e5 Nxd3 28. Rxd3 fxe5 29. f5 Ke7 30. Rh3 Rg8 31. Rxh7 Ra2 0-1